Регионална библиотека "Любен Каравелов" - Русе

Не съм затворен кръг (Запис номер 447534)

MARC детайли
000 -Лидер
Контролно поле с фиксирана дължина 00893nam a2200265 a 4500
003 - Код на организацията, давaща контролен номер
Контролно поле BLK
005 - Дата и час на последна редакция
Контролно поле 20230705154235.0
008 - Елементи от данни с фиксирана дължина
fixed length control field 200825b bul|||||r ||||||| p|bul||
020 ## - Международен стандартен номер на книга ISBN
Международен стандартен номер на книга ISBN 9786192180683
040 ## - Източник на каталожния запис
Идентификатор на билиотеката - собственик на записа BLK
041 ## - Код за език
Код за езика на текст/звукозапис или на отделно заглавие Български
Код за езика КДБФ Български
080 ## - УДК
Текстов определител УДК Българска литература
УДК код - определител по УДК 821.163.2
УДК - код + определител 821.163.2-1
УДК определител -1
100 1# - Редна дума - Автор
Автор Вутимски, Александър
Авторска отговорност първи автор
R(LIN) 49507
Пълна форма на името Вутов, Александър Коцев
139 ## - Редно поле
Редна дума Вутимски, Александър
Авторски знак Ву - В 89
245 10 - Сведения за заглавието
Заглавие Не съм затворен кръг
Редно поле (дума) Александър Вутимски.
257 ## - Страна на издаване
Страна на създаване/издаване България
260 ## - Област на издателските данни
Място на издаване, разпространение и проч. София
Име на издателя, разпространителя и проч. Фама І
Година на издаване 2022
9 (RLIN) 221711
Издателство - префикс ISBN 978-619-218-
300 ## - Физическа характеристика
Страници 229 с.
Размери/Мащаб 21 см
380 ## - Жанр
Жанр Худож. лит.
852 ## - Местоположение
Форматна сигнатура Цб 318253
Фондова буква Хранилище
856 4# - Електронен адрес и достъп
Електронен формат pdf - файл
Път до файла /url/
856 4# - Електронен адрес и достъп
Електронен формат pdf - файл
Път до файла /url/
942 ## - АРТИКУЛИ
Вид на библиотечния материал Книги
Скрит в OPAC Не
Периодичен библиозапис Да
944 ## - СЪЗДАВАНЕ И РЕДАКЦИЯ на ЗАПИСА
Служител, извършил регистрацията/редакцията Кети
Създаване/Редакция Редакция
Дата на регистрацията/редакция 2023-07-05
999 ## - СИСТЕМНИ КОНТРОЛНИ НОМЕРА
Koha biblionumber 447534
Koha biblioitemnumber 447534
Наличности
Код за отписване Код за изгубен артикул Източник на класификационната схема Код за повреда Коз за рестрикции Код за отдаване Артикулен № Име на библиотеката - собственик Име на библиотеката, в която се намира в момента Статус (Текущо местоположение) Дата на вписване в системата Местоположение - отдел Цена в лева Систематично азбучна сигнатура Баркод Цена в евро Служебен тип на артикула Инвентарен номер
  Не е изгубен Universal Decimal Classification Не е повреден без рестрикции заемане за дома 874140 Регионална библиотека "Любен Каравелов" Русе Регионална библиотека "Любен Каравелов" Русе Заемна - подръчен фонд 2022-03-09 Заемна - подръчен фонд 12.80 821.163.2-1/В 89 А 120000867680 6.54 Книги  
  Не е изгубен Universal Decimal Classification Не е повреден само за читалня ползва се в читалня 929400 Регионална библиотека "Любен Каравелов" Русе Регионална библиотека "Любен Каравелов" Русе Хранилище 2023-07-11 Хранилище 16.00 Цб 318253 120000889034 8.18 Книги 120000889034
Vip Innovations Ltd, Rousse, Bulgaria 2025